| 000 | 00586nam a22002057a 4500 | ||
|---|---|---|---|
| 999 |
_c20675 _d20675 |
||
| 003 | AR-CdUCM | ||
| 008 | 190405b ||||| |||| 00| 0 spa d | ||
| 020 | _a0 19 433634 4 | ||
| 040 |
_aMUNICIPALIDAD PROVINCIAL DEL CUSCO _cBIBLIOTECA MUNICIPAL DEL CUSCO |
||
| 082 |
_aEP / 373.428 / _bW53 |
||
| 100 |
_aWheeler, Opal _943224 |
||
| 245 | _aSchubert / | ||
| 260 |
_aMéxico : _bDiana, _c1951. |
||
| 300 |
_a125 páginas ; _bIlustraciones _c25 cm. |
||
| 650 |
_aLiteratura _983 |
||
| 650 |
_aInfantil _96210 |
||
| 700 |
_aDeucher, Sybil _943225 |
||
| 942 |
_2ddc _cLIBROS |
||
| 945 | _arcc | ||